Do They Border? (Geography) - Statistics

General Stats
  • This quiz has been taken 14 times
  • The average score is 18 of 25
Answer Stats
Question Answer % Correct
Nicaragua - Honduras Bordering
100%
Sweden - Russia One country apart
92%
Paraguay - Uruguay One country apart
92%
Myanmar - Bangladesh Bordering
85%
Czech Republic - Lithuania One country apart
85%
Chile - Brazil One country apart
85%
Iraq - Turkey Bordering
77%
Guinea - Liberia Bordering
77%
United States - El Salvador Neither
77%
Bulgaria - Poland Neither
77%
Panama - Venezuela One country apart
77%
The Gambia - Guinea-Bissau One country apart
77%
Kazakhstan - Afghanistan One country apart
77%
Vietnam - Myanmar One country apart
77%
Hungary - Ukraine Bordering
69%
Mozambique - Eswatini Bordering
69%
Colombia - Peru Bordering
69%
Spain - Austria Neither
69%
Nigeria - Mauritania Neither
62%
Iran - China One country apart
62%
Burundi - Republic of Congo One country apart
62%
Morocco - Niger One country apart
62%
Lebanon - Saudi Arabia Neither
54%
Georgia - Greece One country apart
54%
Cameroon - Sudan One country apart
38%
No matching quizzes found
Score Distribution
Percent of People with Each Score
Percentile by Number Answered
Your Score History
You have not taken this quiz